|
|
|
|
| LEADER |
02131nam a2200445 i 4500 |
| 001 |
EBC3045910 |
| 003 |
MiAaPQ |
| 005 |
20200520144314.0 |
| 006 |
m o d | |
| 007 |
cr cnu|||||||| |
| 008 |
140617t20102010gw ao o 001 0 ger d |
| 020 |
|
|
|z 9783486598056
|
| 020 |
|
|
|a 9783486702200 (e-book)
|
| 035 |
|
|
|a (MiAaPQ)EBC3045910
|
| 035 |
|
|
|a (Au-PeEL)EBL3045910
|
| 035 |
|
|
|a (CaPaEBR)ebr10880249
|
| 035 |
|
|
|a (CaONFJC)MIL610569
|
| 035 |
|
|
|a (OCoLC)922949308
|
| 040 |
|
|
|a MiAaPQ
|b eng
|e rda
|e pn
|c MiAaPQ
|d MiAaPQ
|
| 043 |
|
|
|a e-gx---
|
| 050 |
|
4 |
|a DD901.S8
|b .B786 2010
|
| 082 |
0 |
|
|a 943.174
|2 23
|
| 100 |
1 |
|
|a Brunner, Detlev,
|e author.
|
| 245 |
1 |
0 |
|a Stralsund :
|b eine Stadt im systemwandel vom ende des kaiserreichs bis in die 1960er Jahre. Veroffentlichungen zur SBZ-/DDR-forschung im Institut fur Zeitgeschichte /
|c Detlev Brunner.
|
| 264 |
|
1 |
|a Munich, [Germany] :
|b R. Oldenbourg Verlag,
|c 2010.
|
| 264 |
|
4 |
|c 2010
|
| 300 |
|
|
|a 1 online resource (207 pages) :
|b illustrations, photographs.
|
| 336 |
|
|
|a text
|2 rdacontent
|
| 337 |
|
|
|a computer
|2 rdamedia
|
| 338 |
|
|
|a online resource
|2 rdacarrier
|
| 490 |
1 |
|
|a Quellen und Darstellungen zur Zeitgeschichte ;
|v Band 80
|
| 500 |
|
|
|a Includes index.
|
| 588 |
|
|
|a Description based on online resource; title from PDF title page (ebrary, viewed June 17, 2014).
|
| 590 |
|
|
|a Electronic reproduction. Ann Arbor, MI : ProQuest, 2015. Available via World Wide Web. Access may be limited to ProQuest affiliated libraries.
|
| 651 |
|
0 |
|a Stralsund (Germany)
|x History.
|
| 655 |
|
4 |
|a Electronic books.
|
| 776 |
0 |
8 |
|i Print version:
|a Brunner, Detlev.
|t Stralsund : eine Stadt im systemwandel vom ende des kaiserreichs bis in die 1960er Jahre. Veroffentlichungen zur SBZ-/DDR-forschung im Institut fur Zeitgeschichte.
|d Munich, [Germany] : R. Oldenbourg Verlag, c2010
|h vi, 201 pages
|k Quellen und Darstellungen zur Zeitgeschichte ; Band 80.
|z 9783486598056
|
| 797 |
2 |
|
|a ProQuest (Firm)
|
| 830 |
|
0 |
|a Quellen und Darstellungen zur Zeitgeschichte ;
|v Band 80.
|
| 856 |
4 |
0 |
|u https://ebookcentral.proquest.com/lib/matrademy/detail.action?docID=3045910
|z Click to View
|